01269 2200277 4500001002100000005001500021035002000036007000300056008004100059245007200100264005100172336002100223337003000244338002300274020002200297082001000319084001900329100002700348250003400375300004200409650002500451700003300476520045000509990001600959990001600975INLIS00000000116473520240926084233 a0010-0924000187ta240926 g 0 ind 1 aSebenarnya aku mampu /cLavina Sabila; penyunting, Firda Sulistiana aJakarta Selatan :bBukune Kreatif Cipta,c2023 2rdacontentateks 2rdamediaatanpa perantara 2rdacarrieravolume a978-602-220-711-5 a153.8 aSR 153.8 LAV s0 aLavina Sabilaepenulis aCetakan pertama, Oktober 2023 avi, 216 halaman :bilustrasi ;c19 cm 4aMotivasi (Psikologi)0 aFirda Sulistianaepenyunting aBuku ini adalah teman untukmu yang sedang bertumbuh. Di dalamnya kamu akan menemukan pembelajaran dari pengalamanku, afirmasi positif, dan cara-cara yang aku lakukan untuk mengembangkan diri. Di sini, aku juga menyelipkan beberapa prinsip yang aku jalani untuk memiliki hidup yang tenang dan bahagia. Maka dari itu, mari sama-sama belajar untuk mengenal dan mengerti kemampuan diri, lalu katakan pada diri sendiri: ‘Sebenarnya aku mampu.’ a54642.67462 a54643.67463